00427nam a2200157Ia 45000010006000000050017000060080041000230410008000640820015000721000044000872450085001312600009002163000028002256500008002536540008002612434320260414151037.0260414t2016||||xx |||||||||||||| ||spa|| aESP a345.4bI25 aIberico Castañeda, Luis FernandoeAUT 0aLa impugnación en el proceso penal :banálisis doctrinario y jurisprudencial c2016 a279 páginas :c25 cm. aDER aCDE